The Oxford 3000 - Letter E - Translate from Polish to English - Statystyki

Ogólne statystyki
  • Ten quiz został rozwiązany 29 razy
  • Średni wynik to 52 z 157
Statystyki odpowiedzi
Polish Angielski % Poprawnych
edytować; zmieniać edit
89%
redaktor; edytor editor
89%
wykształcenie; edukacja education
89%
jeść eat
78%
gospodarczy; ekonomiczny economic
78%
wydanie; edycja edition
78%
wybierać(np. prezydenta) elect
78%
koniec; kończyć end
78%
odcinek; epizod; część episode
78%
istnieć; zaistnieć; egzystować exist
78%
ekstremalny; skrajny; krańcowy; skrajność; ekstremum extreme
78%
oko eye
78%
zarabiać earn
67%
ziemia(planeta) earth
67%
kształcić; edukować educate
67%
emocjonalny emotional
67%
opróżniony; pusty; opróżniać coś empty
67%
egzamin exam
67%
eksploracja; poszukiwanie; badanie exploration
67%
wyrażenie; ekspresja; wyraz expression
67%
wczesny; wcześniej early
56%
łatwy easy
56%
gospodarka; ekonomia economy
56%
wykształcony; wyedukowany educated
56%
jajko egg
56%
wybory(np. prezydenckie) election
56%
elektryczny(działający na prąd lub go wytwarza) electric
56%
słoń elephant
56%
zakończenie ending
56%
wróg; przeciwnik enemy
56%
sprzęt; wyposażenie; ekwipunek equipment
56%
etyczny ethical
56%
wieczór evening
56%
wszyscy everyone
56%
przykład example
56%
podekscytowany; podniecony excited
56%
ćwiczenie; ćwiczyć exercise
56%
ekspert; ekspercki expert
56%
wyjaśniać; wytłumaczyć explain
56%
eksport; wywóz; eksportować export
56%
ucho ear
44%
wschód; wschodni; na wschodzie east
44%
krawędź; kant; brzeg edge
44%
edukacyjny educational
44%
efekt effect
44%
skutecznie; efektywnie effectively
44%
elektryczny(związany) electrical
44%
zatrudniać employ
44%
zatrudnienie employment
44%
umożliwiać enable
44%
energia energy
44%
silnik engine
44%
entuzjazm enthusiasm
44%
entuzjastyczny enthusiastic
44%
wejście entrance
44%
ucieczka; uciec; wydostać się escape
44%
esej essay
44%
wydarzenie event
44%
każdy (przed rzeczownikami pojedynczymi) every
44%
codziennie; codzienny everyday
44%
wszystko everything
44%
dowód evidence
44%
zło; zły; zła siła evil
44%
badanie; egzamin examination
44%
badać; egzaminować examine
44%
wymiana; giełda; wymieniać exchange
44%
oczekiwać; spodziewać się expect
44%
oczekiwany; spodziewany; przewidywany expected
44%
wyprawa; ekspedycja expedition
44%
drogi; kosztowny expensive
44%
doświadczenie; przeżycie; doświadczać experience
44%
doświadczony experienced
44%
wybuch; eksplozja explosion
44%
trzęsienie ziemi earthquake
33%
elektryczność; energia elektryczna electricity
33%
element element
33%
email; wysyłać emaila do kogoś email
33%
nagły wypadek; pogotowie emergency
33%
emocja emotion
33%
pracodawca employer
33%
inżynieria engineering
33%
równy; jednakowy; równać się; dorównywać equal
33%
euro euro
33%
równomierny; nawet even
33%
dokładnie exactly
33%
wybuchać; eksplodować explode
33%
każdy each
22%
skuteczny; efektywny effective
22%
elektroniczny electronic
22%
inżynier engineer
22%
cieszyć się enjoy
22%
ogromny enormous
22%
wystarczająco; wystarczający; dość enough
22%
równie equally
22%
zwłaszcza; szczególnie especially
22%
kiedykolwiek (zdania negatywne lub pytania) ever
22%
wszędzie everywhere
22%
dokładny exact
22%
ekscytujący; emocjonujący; podniecający exciting
22%
wystawa; ekspozycja; targi exhibition
22%
eksperyment; doświadczenie; eksperymentować experiment
22%
wyjaśnienie; objaśnienie; wytłumaczenie explanation
22%
zewnętrzny external
22%
niezwykle; niezmiernie; nadzwyczaj extremely
22%
łatwo easily
11%
wschodni eastern
11%
jeszcze; indziej; inny else
11%
zażenowany; skrępowany embarrassed
11%
żenujący; krępujący embarrassing
11%
podkreślać; kłaść nacisk emphasize
11%
pracownik employee
11%
zachęcać; motywować encourage
11%
uwydatniać; zwiększać; wzmacniać enhance
11%
zapewnić; zagwarantować ensure
11%
cały; całkowity entire
11%
całkowicie; w całości entirely
11%
środowisko environment
11%
założyć; utworzyć; ustanowić establish
11%
szacować; oszacować; oszacowanie estimate
11%
wszyscy everybody
11%
znakomity; świetny; wyśmienity excellent
11%
z wyjątkiem; oprócz except
11%
wymówka; usprawiedliwienie; wybaczyć; usprawiedliwić excuse
11%
kierownik; wykonawczy; kierowniczy executive
11%
istnienie; byt; egzystencja existence
11%
rozszerzać; rozbudować; rozwijać expand
11%
wydatek; koszt expense
11%
odkrywać; zbadać; badać; eksplorować explore
11%
narażać; ujawniać; odsłaniać; eksponować expose
11%
dodatkowy; dodatkowo; dodatek extra
11%
wydajny efficient
0%
wysiłek effort
0%
którykolwiek; bądź; albo either
0%
starsza osoba elderly
0%
gdzieś indziej elsewhere
0%
wyłonić się emerge
0%
nacisk; podkreślenie emphasis
0%
napotkać, spotkać nagle; spotkanie(nagłe); zetknięcie(z czymś trudnym) encounter
0%
angażować; wciągać engage
0%
zaangażowany; zaręczony; zajęty engaged
0%
dochodzenie enquiry
0%
wchodzić; wprowadzić; wpisać; podać enter
0%
zabawiać; bawić entertain
0%
rozrywka entertainment
0%
wstęp; wejście; zgłoszenie entry
0%
środowiskowy environmental
0%
błąd error
0%
niezbędny; istotny; zasadniczy essential
0%
osiedle; nieruchomość estate
0%
oceniać (po analizie) evaluate
0%
w końcu; ostatecznie eventually
0%
ekscytacja; podekscytowanie; podniecenie excitement
0%
oczekiwanie; nadzieja expectation
0%
wyrażać express
0%
rozszerzyć; wydłużyć; rozciągnąć extend
0%
zakres; rozległość extent
0%
nadzwyczajny; niezwykły extraordinary
0%
Nie znaleziono quizów pasujących do podanych kryteriów
Rozkład punktacji
Procent ludzi z każdym wynikiem
Percentyl według liczby udzielonych odpowiedzi
Twoja historia wyników
Nie rozwiązałeś tego quizu